<?xml version="1.0" encoding="UTF-8"?>
<record
    xmlns:xsi="http://www.w3.org/2001/XMLSchema-instance"
    xsi:schemaLocation="http://www.loc.gov/MARC21/slim http://www.loc.gov/standards/marcxml/schema/MARC21slim.xsd"
    xmlns="http://www.loc.gov/MARC21/slim">

  <leader>00560nam a22001577a 4500</leader>
  <controlfield tag="003">OSt</controlfield>
  <controlfield tag="005">20151211160022.0</controlfield>
  <controlfield tag="008">151211b        xxu||||| |||| 00| 0 eng d</controlfield>
  <datafield tag="040" ind1=" " ind2=" ">
    <subfield code="c">RUA</subfield>
  </datafield>
  <datafield tag="082" ind1=" " ind2=" ">
    <subfield code="a">ATM.s PUT 2004 B200 Or.1</subfield>
  </datafield>
  <datafield tag="100" ind1=" " ind2=" ">
    <subfield code="9">4729</subfield>
    <subfield code="a">PUTH, SUNLY.</subfield>
  </datafield>
  <datafield tag="245" ind1=" " ind2=" ">
    <subfield code="a">Fishing gears in boeung chunlen community, &#x1794;&#x17D2;&#x179A;&#x1797;&#x17C1;&#x1791;&#x17A7;&#x1794;&#x1780;&#x179A;&#x178E;&#x17CD;&#x1793;&#x17C1;&#x179F;&#x17B6;&#x1791;&#x178A;&#x17C2;&#x179B;&#x1794;&#x17D2;&#x179A;&#x17BE;&#x1794;&#x17D2;&#x179A;&#x17B6;&#x179F;&#x17CB;&#x1780;&#x17D2;&#x1793;&#x17BB;&#x1784;&#x179F;&#x17A0;&#x1782;&#x1798;&#x1793;&#x17CD;&#x1794;&#x17B9;&#x1784;&#x1787;&#x1793;&#x17D2;&#x179B;&#x17C1;&#x1793;</subfield>
  </datafield>
  <datafield tag="260" ind1=" " ind2=" ">
    <subfield code="a">Phnom Penh</subfield>
    <subfield code="b">RUA</subfield>
    <subfield code="c">2004</subfield>
  </datafield>
  <datafield tag="300" ind1=" " ind2=" ">
    <subfield code="a">iv; 34p.</subfield>
    <subfield code="b">ill.</subfield>
    <subfield code="c">29cm.</subfield>
  </datafield>
  <datafield tag="942" ind1=" " ind2=" ">
    <subfield code="2">ddc</subfield>
    <subfield code="c">ATMSP</subfield>
  </datafield>
  <datafield tag="999" ind1=" " ind2=" ">
    <subfield code="c">4407</subfield>
    <subfield code="d">4407</subfield>
  </datafield>
  <datafield tag="952" ind1=" " ind2=" ">
    <subfield code="0">0</subfield>
    <subfield code="1">0</subfield>
    <subfield code="2">ddc</subfield>
    <subfield code="4">0</subfield>
    <subfield code="6">ATM__S_PUT_2004_000000000000000_B200_OR_1</subfield>
    <subfield code="7">0</subfield>
    <subfield code="9">22710</subfield>
    <subfield code="a">LBB</subfield>
    <subfield code="b">LBB</subfield>
    <subfield code="c">B200</subfield>
    <subfield code="d">2015-12-11</subfield>
    <subfield code="o">ATM.s PUT 2004 B200 Or.1</subfield>
    <subfield code="p">RUA009502</subfield>
    <subfield code="r">2015-12-11</subfield>
    <subfield code="w">2015-12-11</subfield>
    <subfield code="y">ATMSP</subfield>
  </datafield>
  <datafield tag="952" ind1=" " ind2=" ">
    <subfield code="0">0</subfield>
    <subfield code="1">0</subfield>
    <subfield code="2">ddc</subfield>
    <subfield code="4">0</subfield>
    <subfield code="6">ATM__S_PUT_2004_000000000000000_B200_OR_2</subfield>
    <subfield code="7">0</subfield>
    <subfield code="9">22711</subfield>
    <subfield code="a">LBB</subfield>
    <subfield code="b">LBB</subfield>
    <subfield code="c">B200</subfield>
    <subfield code="d">2015-12-11</subfield>
    <subfield code="o">ATM.s PUT 2004 B200 Or.2</subfield>
    <subfield code="p">RUA018173</subfield>
    <subfield code="r">2015-12-11</subfield>
    <subfield code="w">2015-12-11</subfield>
    <subfield code="y">ATMSP</subfield>
  </datafield>
  <datafield tag="952" ind1=" " ind2=" ">
    <subfield code="0">0</subfield>
    <subfield code="1">0</subfield>
    <subfield code="2">ddc</subfield>
    <subfield code="4">0</subfield>
    <subfield code="6">ATM__S_PUT_2004_000000000000000_B200_OR_3</subfield>
    <subfield code="7">0</subfield>
    <subfield code="9">22712</subfield>
    <subfield code="a">LBB</subfield>
    <subfield code="b">LBB</subfield>
    <subfield code="c">B200</subfield>
    <subfield code="d">2015-12-11</subfield>
    <subfield code="o">ATM.s PUT 2004 B200 Or.3</subfield>
    <subfield code="p">RUA018101</subfield>
    <subfield code="r">2015-12-11</subfield>
    <subfield code="w">2015-12-11</subfield>
    <subfield code="y">ATMSP</subfield>
  </datafield>
  <datafield tag="952" ind1=" " ind2=" ">
    <subfield code="0">0</subfield>
    <subfield code="1">0</subfield>
    <subfield code="2">ddc</subfield>
    <subfield code="4">0</subfield>
    <subfield code="6">ATM__S_PUT_2004_000000000000000_B200_OR_4</subfield>
    <subfield code="7">0</subfield>
    <subfield code="9">22713</subfield>
    <subfield code="a">LBB</subfield>
    <subfield code="b">LBB</subfield>
    <subfield code="c">B200</subfield>
    <subfield code="d">2015-12-11</subfield>
    <subfield code="o">ATM.s PUT 2004 B200 Or.4</subfield>
    <subfield code="p">RUA009430</subfield>
    <subfield code="r">2015-12-11</subfield>
    <subfield code="w">2015-12-11</subfield>
    <subfield code="y">ATMSP</subfield>
  </datafield>
  <datafield tag="952" ind1=" " ind2=" ">
    <subfield code="0">0</subfield>
    <subfield code="1">0</subfield>
    <subfield code="2">ddc</subfield>
    <subfield code="4">0</subfield>
    <subfield code="6">ATM__S_PUT_2004_000000000000000_B200_OR_5</subfield>
    <subfield code="7">0</subfield>
    <subfield code="9">22714</subfield>
    <subfield code="a">LBB</subfield>
    <subfield code="b">LBB</subfield>
    <subfield code="c">B200</subfield>
    <subfield code="d">2015-12-11</subfield>
    <subfield code="o">ATM.s PUT 2004 B200 Or.5</subfield>
    <subfield code="p">RUA009574</subfield>
    <subfield code="r">2015-12-11</subfield>
    <subfield code="w">2015-12-11</subfield>
    <subfield code="y">ATMSP</subfield>
  </datafield>
  <datafield tag="952" ind1=" " ind2=" ">
    <subfield code="0">0</subfield>
    <subfield code="1">0</subfield>
    <subfield code="2">ddc</subfield>
    <subfield code="4">0</subfield>
    <subfield code="6">ATM__S_PUT_2004_000000000000000_B200_OR_6</subfield>
    <subfield code="7">0</subfield>
    <subfield code="9">22715</subfield>
    <subfield code="a">LBB</subfield>
    <subfield code="b">LBB</subfield>
    <subfield code="c">B200</subfield>
    <subfield code="d">2015-12-11</subfield>
    <subfield code="o">ATM.s PUT 2004 B200 Or.6</subfield>
    <subfield code="p">RUA018292</subfield>
    <subfield code="r">2015-12-11</subfield>
    <subfield code="w">2015-12-11</subfield>
    <subfield code="y">ATMSP</subfield>
  </datafield>
  <datafield tag="952" ind1=" " ind2=" ">
    <subfield code="0">0</subfield>
    <subfield code="1">0</subfield>
    <subfield code="2">ddc</subfield>
    <subfield code="4">0</subfield>
    <subfield code="6">ATM__S_PUT_2004_000000000000000_B200_OR_7</subfield>
    <subfield code="7">0</subfield>
    <subfield code="9">22716</subfield>
    <subfield code="a">LBB</subfield>
    <subfield code="b">LBB</subfield>
    <subfield code="c">B200</subfield>
    <subfield code="d">2015-12-11</subfield>
    <subfield code="o">ATM.s PUT 2004 B200 Or.7</subfield>
    <subfield code="p">RUA034121</subfield>
    <subfield code="r">2015-12-11</subfield>
    <subfield code="w">2015-12-11</subfield>
    <subfield code="y">ATMSP</subfield>
  </datafield>
  <datafield tag="952" ind1=" " ind2=" ">
    <subfield code="0">0</subfield>
    <subfield code="1">0</subfield>
    <subfield code="2">ddc</subfield>
    <subfield code="4">0</subfield>
    <subfield code="6">ATM__S_PUT_2004_000000000000000_B200_OR_8</subfield>
    <subfield code="7">0</subfield>
    <subfield code="9">22717</subfield>
    <subfield code="a">LBB</subfield>
    <subfield code="b">LBB</subfield>
    <subfield code="c">B200</subfield>
    <subfield code="d">2015-12-11</subfield>
    <subfield code="o">ATM.s PUT 2004 B200 Or.8</subfield>
    <subfield code="p">RUA033665</subfield>
    <subfield code="r">2015-12-11</subfield>
    <subfield code="w">2015-12-11</subfield>
    <subfield code="y">ATMSP</subfield>
  </datafield>
  <datafield tag="952" ind1=" " ind2=" ">
    <subfield code="0">0</subfield>
    <subfield code="1">0</subfield>
    <subfield code="2">ddc</subfield>
    <subfield code="4">0</subfield>
    <subfield code="6">ATM__S_PUT_2004_000000000000000_B200_OR_9</subfield>
    <subfield code="7">0</subfield>
    <subfield code="9">22718</subfield>
    <subfield code="a">LBB</subfield>
    <subfield code="b">LBB</subfield>
    <subfield code="c">B200</subfield>
    <subfield code="d">2015-12-11</subfield>
    <subfield code="o">ATM.s PUT 2004 B200 Or.9</subfield>
    <subfield code="p">RUA034122</subfield>
    <subfield code="r">2015-12-11</subfield>
    <subfield code="w">2015-12-11</subfield>
    <subfield code="y">ATMSP</subfield>
  </datafield>
  <datafield tag="952" ind1=" " ind2=" ">
    <subfield code="0">0</subfield>
    <subfield code="1">0</subfield>
    <subfield code="2">ddc</subfield>
    <subfield code="4">0</subfield>
    <subfield code="6">ATM__S_PUT_2004_000000000000000_B200_OR_10</subfield>
    <subfield code="7">0</subfield>
    <subfield code="9">22719</subfield>
    <subfield code="a">LBB</subfield>
    <subfield code="b">LBB</subfield>
    <subfield code="c">B200</subfield>
    <subfield code="d">2015-12-11</subfield>
    <subfield code="o">ATM.s PUT 2004 B200 Or.10</subfield>
    <subfield code="p">RUA034277</subfield>
    <subfield code="r">2015-12-11</subfield>
    <subfield code="w">2015-12-11</subfield>
    <subfield code="y">ATMSP</subfield>
  </datafield>
</record>
